Mobile communications (Record no. 174255)
[ view plain ]
| 000 -LEADER | |
|---|---|
| fixed length control field | 00399nam a2200157Ia 4500 |
| 008 - FIXED-LENGTH DATA ELEMENTS--GENERAL INFORMATION | |
| fixed length control field | 231217s9999 xx 000 0 und d |
| 041 ## - LANGUAGE CODE | |
| Language code of text/sound track or separate title | English |
| 082 ## - DEWEY DECIMAL CLASSIFICATION NUMBER | |
| Classification number | 621.38415 SCH;6 |
| 100 ## - MAIN ENTRY--PERSONAL NAME | |
| Personal name | Schiller, Jochen H |
| 245 #0 - TITLE STATEMENT | |
| Title | Mobile communications |
| 250 ## - EDITION STATEMENT | |
| Edition statement | 2nd ed. |
| 260 ## - PUBLICATION, DISTRIBUTION, ETC. | |
| Date of publication, distribution, etc. | 2003 |
| Name of publisher, distributor, etc. | Pearson Education (Singapore) |
| Place of publication, distribution, etc. | Delhi |
| 300 ## - PHYSICAL DESCRIPTION | |
| Extent | xviii+492 |
| 650 ## - SUBJECT ADDED ENTRY--TOPICAL TERM | |
| Topical term or geographic name entry element | communications |
| 942 ## - ADDED ENTRY ELEMENTS (KOHA) | |
| Koha item type | Books |
| Date last seen | Total checkouts | Full call number | Accession number | Uniform resource identifier | Cost, total (INR) price | Price effective from | Category | Lost status | Damaged status | Department | Withdrawn status | Home library | Current library | Shelving location | Entry date | Vendor | Cost, normal purchase price | Grants | Billnumber | Billdate | Currency symbol | Conversion rate | Discount | Old discount |
|---|---|---|---|---|---|---|---|---|---|---|---|---|---|---|---|---|---|---|---|---|---|---|---|---|
| 26/01/2024 | 621.38415 SCH;6 | 33413 | digital/contents/58313.pdf | 267.75 | 12/03/2005 | Books | Central Library | Central Library | Central Library | Central Library | 12/03/2005 | Sapna Book House | 315.00 | CS | 26930 | 07/02/2008 | RS | 1 | 47.25 | 15 | ||||
| 26/01/2024 | 621.38415 SCH;7 | 33414 | digital/contents/58313.pdf | 267.75 | 12/03/2005 | Books | Central Library | Central Library | Central Library | Central Library | 12/03/2005 | Sapna Book House | 315.00 | CS | 26930 | 07/02/2008 | RS | 1 | 47.25 | 15 | ||||
| 26/01/2024 | 621.38415 SCH;8 | 33415 | digital/contents/58313.pdf | 267.75 | 12/03/2005 | Books | Central Library | Central Library | Central Library | Central Library | 12/03/2005 | Sapna Book House | 315.00 | CS | 26930 | 07/02/2008 | RS | 1 | 47.25 | 15 |
